Câu hỏi trắc nghiệm đại số và giải tích 11 .
v...v
Đã lưu trong:
| Tác giả chính: | |
|---|---|
| Định dạng: | Sách |
| Ngôn ngữ: | Vietnamese |
| Năm xuất bản: |
H.
Giáo dục,
2007.
|
| Chủ đề: | |
| Tags: |
Thêm thẻ
Không có thẻ, Hãy là người đầu tiên gắn thẻ bản ghi này!
|
| LEADER | 01917nam a2200385 a 4500 | ||
|---|---|---|---|
| 001 | vtls000021566 | ||
| 003 | VRT | ||
| 005 | 20161213094644.0 | ||
| 008 | 080422s2005 vm 000 u vie d | ||
| 039 | 9 | |a 201203060835 |b luuthiha |c 200810131530 |d Hanh | |
| 040 | |a TVTTHCM | ||
| 082 | 0 | 4 | |a 510.076 |b L250M |
| 100 | 1 | |a Lê Mậu Dũng. | |
| 245 | 1 | 0 | |a Câu hỏi trắc nghiệm đại số và giải tích 11 . |c Lê Mậu Dũng. |
| 260 | |a H. |b Giáo dục, |c 2007. | ||
| 300 | |a 212 tr. |c 24 cm. | ||
| 520 | |a v...v | ||
| 650 | 0 | |a Optics |x Study and teaching. | |
| 650 | 4 | |x Học tập và giảng dạy. | |
| 653 | |a Toán học | ||
| 653 | |a Đại số | ||
| 653 | |a Giải tích | ||
| 653 | |a Lớp 11 | ||
| 653 | |a Câu hỏi trắc nghiệm | ||
| 653 | |a Lời giải | ||
| 653 | |a Giải bài tập | ||
| 942 | |2 ddc |c STK0 | ||
| 949 | |6 100032201 | ||
| 949 | |6 100032202 | ||
| 999 | |c 7305 |d 7305 | ||
| 952 | |0 0 |1 0 |2 ddc |4 0 |6 510_076000000000000_L250M |7 0 |8 500 |9 67177 |a qbu |b qbu |c D3 |d 2015-02-04 |g 20500 |l 2 |m 2 |o 510.076 L250M |p 6906.c1 |r 2020-12-02 |s 2020-11-04 |w 2015-02-04 |y STK0 |0 0 |6 510_076000000000000_L250M | ||
| 952 | |0 0 |1 0 |2 ddc |4 0 |6 510_076000000000000_L250M |7 0 |8 500 |9 67178 |a qbu |b qbu |c D3 |d 2015-02-04 |g 20500 |l 1 |o 510.076 L250M |p 6906.c2 |r 2018-12-12 |s 2018-12-12 |w 2015-02-04 |y STK0 |0 0 |6 510_076000000000000_L250M | ||
| 952 | |0 0 |1 0 |2 ddc |4 0 |6 510_076000000000000_L250M |7 0 |8 500 |9 67179 |a qbu |b qbu |c D3 |d 2015-02-04 |g 20500 |l 1 |o 510.076 L250M |p 6906.c3 |r 2018-12-12 |s 2018-12-12 |w 2015-02-04 |y STK0 |0 0 |6 510_076000000000000_L250M | ||
| 952 | |0 0 |1 0 |2 ddc |4 0 |6 510_076000000000000_L250M |7 0 |8 500 |9 67180 |a qbu |b qbu |c D3 |d 2015-02-04 |g 20500 |l 1 |o 510.076 L250M |p 6906.c4 |r 2018-12-12 |s 2018-12-12 |w 2015-02-04 |y STK0 |0 0 |6 510_076000000000000_L250M | ||
| 952 | |0 0 |1 0 |2 ddc |4 0 |6 510_076000000000000_L250M |7 0 |8 500 |9 67181 |a qbu |b qbu |c D3 |d 2015-02-04 |g 20500 |l 1 |o 510.076 L250M |p 6906.c5 |r 2018-12-12 |s 2018-12-12 |w 2015-02-04 |y STK0 |0 0 |6 510_076000000000000_L250M | ||